Co wybierasz - Statystyki

Ogólne statystyki
  • Ten quiz został rozwiązany 42 razy
  • Średni wynik to 4 z 8
Statystyki odpowiedzi
Zagadnienie Odpowiedź % Poprawnych
Co wybierasz Być najmądrzejszym człowiekiem na świecie
100%
Co wybierasz Być najpopularniejszym malarzem
50%
Co wybierasz Na zawsze być w Portugalii
50%
Co wybierasz Polecieć do Hiszpanii na rok
50%
Co wybierasz Stworzyć latający samochód
50%
Co wybierasz Znać wszystkie państwa świata
50%
Co wybierasz Być najgorszym piłkarzem ale zarabiać bardzo dużo
0%
Co wybierasz Zapomnieć o wszystkich językach świata oprócz angielskiego
0%
Nie znaleziono quizów pasujących do podanych kryteriów
Rozkład punktacji
Procent ludzi z każdym wynikiem
Percentyl według liczby udzielonych odpowiedzi
Twoja historia wyników
Nie rozwiązałeś tego quizu